Tribal India: (Record no. 206984)

MARC details
000 -LEADER
fixed length control field 00606nam a22001937a 4500
005 - DATE AND TIME OF LATEST TRANSACTION
control field 20241114112641.0
010 ## - LCCN (DPL NO)
LC control number ENG-142623
020 ## - INTERNATIONAL STANDARD BOOK NUMBER
International Standard Book Number 978-81-316-1200-2
Terms of availability 895.00
035 ## - SYSTEM CONTROL NUMBER
System control number EN-126155
037 ## - SOURCE OF ACQUISITION
Source of stock number/acquisition DBAD
082 ## - DEWEY DECIMAL CLASSIFICATION NUMBER
Classification number 305.800954
100 ## - MAIN ENTRY--PERSONAL NAME
Personal name Sharda, Mridula
245 ## - TITLE STATEMENT
Title Tribal India:
Remainder of title Issues and Challenges/
Statement of responsibility, etc Mridula Shardha [and] Inder Kumar
260 ## - PUBLICATION, DISTRIBUTION, ETC. (IMPRINT)
Place of publication, distribution, etc New Delhi
Name of publisher, distributor, etc Rawat Publications
Date of publication, distribution, etc 2021
270 ## - ADDRESS
Address 4858/24, Ansari Road, Daryaganj,
City New Delhi
Postal code 110002
300 ## - PHYSICAL DESCRIPTION
Extent 150p.
Dimensions 24cm(hb)
700 ## - ADDED ENTRY--PERSONAL NAME
Personal name Inder Kumar
9 (RLIN) 73931
942 ## - ADDED ENTRY ELEMENTS (KOHA)
Source of classification or shelving scheme Dewey Decimal Classification
Item type English Books
Classification part 305.800954
Call number suffix SHA
Holdings
Withdrawn status Lost status Not for loan Collection code Home library Current library Date acquired Source of acquisition Cost, normal purchase price Full call number Barcode Copy number Cost, replacement price Koha item type
      Non-fiction Bawana Bawana 14/11/2024 DBAD 895.00 305.800954 SHA EN-126155 1 895.00 English Books

© Delhi Public Library
Hit Counter
free hit counter